00714nam a2200205Ia 4500003000400000005001700004008004100021020001500062040002900077050002400106100002900130245007900159250001100238260004400249300000900293650005500302942001200357952012400369999001500493OSt20230904091928.0221221s9999 xx 000 0 und d a0237507862 cChuka University Library aLB 2845 b.I57 1983 aPeter Canham (ed.)92601 0aInspectors handbook: A guide for primary school inspection and supervision a3rd ed aIbadanbEvans brothers publishersc1983 a133p aInspection and supervisionxPrimary schools912441 cBK2lcc 00102lcc40708LGLaCHKbCHKcGENd2022-12-21l0oLB 2845 .I57 1983p719/2006r2022-12-21 00:00:00t3w2022-12-21yBK c3496d3496